<?xml version="1.0" encoding="UTF-8"?>
<marc:record xmlns:marc="http://www.loc.gov/MARC21/slim">
   <marc:leader>00000nam a2200000 a 4500</marc:leader>
   <marc:datafield ind1="1" ind2=" " tag="100">
      <marc:subfield code="a">Harlander, Wolf</marc:subfield>
      <marc:subfield code="4">aut</marc:subfield>
      <marc:subfield code="e">Verfasser/-in</marc:subfield>
   </marc:datafield>
   <marc:datafield ind1="0" ind2="0" tag="245">
      <marc:subfield code="a">Systemfehler</marc:subfield>
   </marc:datafield>
   <marc:datafield ind1="0" ind2="0" tag="245">
      <marc:subfield code="b">Thriller</marc:subfield>
   </marc:datafield>
   <marc:datafield ind1=" " ind2="1" tag="264">
      <marc:subfield code="b">Rowohlt Polaris</marc:subfield>
      <marc:subfield code="c">2021</marc:subfield>
   </marc:datafield>
   <marc:datafield ind1="1" ind2=" " tag="520">
      <marc:subfield code="a">Mitten in der Urlaubszeit bricht europaweit das Internet zusammen. Flugzeuge können nicht mehr landen, Ärzte nicht mehr operieren, der Verkehr versinkt im Chaos. Bald sind alle Kommunikationswege gekappt. Ganz Europa befindet sich im Ausnahmezustand, die Menschen geraten in Panik, die Versorgung bricht zusammen. BND-Ermittler Nelson Carius vermutet ein hochkomplexes Computervirus hinter den Internetausfällen. Eine Spur führt ihn ausgerechnet zu IT-Experte Daniel Faber aus München, einem unbescholtenen Familienvater. Während das ganze Land gegen das Chaos kämpft, muss Daniel nicht nur seine Familie retten, sondern auch seine Unschuld beweisen.
(Quelle: Verlagstext)</marc:subfield>
   </marc:datafield>
   <marc:datafield ind1=" " ind2=" " tag="020">
      <marc:subfield code="a">9783499006616</marc:subfield>
      <marc:subfield code="9">9783499006616</marc:subfield>
   </marc:datafield>
</marc:record>
